00450nam a2200157Ia 4500082001200000100001700012245006600029260004900095300000800144504002600152650002500178650002900203650001300232650002200245710002500267 aTD.0310 aDubey, Mukta 0aMahila aarakshan vedheyak- vivad, chunotiyan or sambhavnayein aUjjainbVikram Vishwavidyalaya, Ujjainc2011 a257 aincludes bibliography aWomen in development awomenvSocial conditions aFeminism awomenvEmployment aSharma, Gopalkrishna